000 00318nam a2200145Ia 4500
100 _aKalam/Abdul APJ
650 _aGeneral
942 _cBK
654 _awings of fire
245 _aWings of fire:An autobiography
260 _bUniversities Press
_c1999
082 _a920
_bKAL
300 _a179
546 _aENGLISH
999 _c34032
_d34032